|
|
|
|
| LEADER |
00000naa2a2200000 4500 |
| 001 |
380931 |
| 005 |
20231101062744.0 |
| 035 |
|
|
|a (RuTPU)RU\TPU\prd\2897
|
| 090 |
|
|
|a 380931
|
| 100 |
|
|
|a 20020409a2002 k y0rusy50 ca
|
| 101 |
0 |
|
|a rus
|
| 102 |
|
|
|a RU
|
| 200 |
1 |
|
|a TRACE MODE как корпоративный стандарт комбината "Североникель" (РАО "Норильский никель")
|f П. Д. Костомаров, А. Ю. Иржанский
|
| 225 |
1 |
|
|a TRACE MODE в металлургии
|
| 461 |
|
1 |
|0 (RuTPU)RU\TPU\prd\1687
|t Приборы и системы. Управление, контроль, диагностика
|o научно-технический и производственный журнал
|d 2000-
|
| 463 |
|
1 |
|0 (RuTPU)RU\TPU\prd\2116
|t № 1
|v С. 52-54
|d 2002
|
| 610 |
1 |
|
|a АСУ ТП
|
| 610 |
1 |
|
|a контроллеры
|
| 610 |
1 |
|
|a металлургия
|
| 610 |
1 |
|
|a АИС
|
| 610 |
1 |
|
|a внедрение
|
| 610 |
1 |
|
|a предприятия
|
| 610 |
1 |
|
|a металлопереработка
|
| 700 |
|
1 |
|a Костомаров
|b П. Д.
|
| 701 |
|
1 |
|a Иржанский
|b А. Ю.
|
| 801 |
|
1 |
|a RU
|b 63413507
|c 20020409
|g PSBO
|
| 801 |
|
2 |
|a RU
|b 63413507
|c 20121008
|g PSBO
|
| 942 |
|
|
|c BK
|